<?xml version="1.0" encoding="UTF-8"?>
<record
    xmlns:xsi="http://www.w3.org/2001/XMLSchema-instance"
    xsi:schemaLocation="http://www.loc.gov/MARC21/slim http://www.loc.gov/standards/marcxml/schema/MARC21slim.xsd"
    xmlns="http://www.loc.gov/MARC21/slim">

  <leader>01165nam a2200205 a 4500</leader>
  <controlfield tag="008">161215e2006    ck  |||g |||| 001 j spa d</controlfield>
  <datafield tag="020" ind1=" " ind2=" ">
    <subfield code="a">8482804030</subfield>
  </datafield>
  <datafield tag="041" ind1=" " ind2=" ">
    <subfield code="a">spa</subfield>
  </datafield>
  <datafield tag="092" ind1=" " ind2=" ">
    <subfield code="c">808</subfield>
    <subfield code="l">13</subfield>
    <subfield code="s">COR</subfield>
  </datafield>
  <datafield tag="100" ind1="1" ind2=" ">
    <subfield code="a">Cort&#xE1;zar, Julio</subfield>
    <subfield code="9">3297</subfield>
  </datafield>
  <datafield tag="245" ind1=" " ind2=" ">
    <subfield code="a">Rayuela /</subfield>
    <subfield code="c">Julio Cort&#xE1;zar</subfield>
  </datafield>
  <datafield tag="250" ind1=" " ind2=" ">
    <subfield code="a">1a ed.</subfield>
  </datafield>
  <datafield tag="260" ind1=" " ind2=" ">
    <subfield code="a">Colombia:</subfield>
    <subfield code="b">Guajiro;</subfield>
    <subfield code="c">2004.</subfield>
  </datafield>
  <datafield tag="300" ind1=" " ind2=" ">
    <subfield code="a">493 p.</subfield>
  </datafield>
  <datafield tag="500" ind1=" " ind2=" ">
    <subfield code="a">Cortazar, J. (2004). Rayuela. (1a ed.). Colombia : Guajiro.</subfield>
  </datafield>
  <datafield tag="505" ind1=" " ind2=" ">
    <subfield code="a">Y animado de la esperanza de ser particularmente &#xFA;til a la juventud, y de contribuir a la reforma de las costumbres en general, he formado la presente colecci&#xF3;n de m&#xE1;ximas, consejos y preceptos, que son la base de aquella moral universal, que es tan proporcionada a la felicidad espiritual y temporal de todos los hombres de cualquiera edad, estado y condici&#xF3;n que sean, y a la prosperidad y  buen orden, no s&#xF3;lo de la rep&#xFA;blica civil y cristiana en que vivimos, sino de cualquiera otra rep&#xFA;blica o gobierno que los fil&#xF3;sofos m&#xE1;s especulativos y profundos del orbe quieran discurrir. </subfield>
  </datafield>
  <datafield tag="590" ind1=" " ind2=" ">
    <subfield code="a">Proyecto 4to libro. Donaci&#xF3;n Constanzo Juan Carlos</subfield>
  </datafield>
  <datafield tag="655" ind1=" " ind2=" ">
    <subfield code="a">Literatura</subfield>
    <subfield code="9">2917</subfield>
  </datafield>
  <datafield tag="942" ind1=" " ind2=" ">
    <subfield code="2">ddc</subfield>
    <subfield code="c">LIT</subfield>
  </datafield>
  <datafield tag="999" ind1=" " ind2=" ">
    <subfield code="c">3031</subfield>
    <subfield code="d">3031</subfield>
  </datafield>
  <datafield tag="952" ind1=" " ind2=" ">
    <subfield code="0">0</subfield>
    <subfield code="1">0</subfield>
    <subfield code="2">ddc</subfield>
    <subfield code="4">0</subfield>
    <subfield code="7">0</subfield>
    <subfield code="a">BFM</subfield>
    <subfield code="b">BFM</subfield>
    <subfield code="c">CR</subfield>
    <subfield code="d">2019-09-09</subfield>
    <subfield code="e">Donaci&#xF3;n Constanzo, Juan Carlos. Sept. 2019</subfield>
    <subfield code="l">3</subfield>
    <subfield code="m">1</subfield>
    <subfield code="o">808 13 COR</subfield>
    <subfield code="p">4568</subfield>
    <subfield code="r">2026-03-10</subfield>
    <subfield code="s">2025-12-22</subfield>
    <subfield code="t">Ej.1</subfield>
    <subfield code="w">2019-09-09</subfield>
    <subfield code="y">LIT</subfield>
    <subfield code="z">Proyecto 4to libro Donaci&#xF3;n Constanzo, Juan Carlos. Sept. 2019</subfield>
  </datafield>
</record>
